Reprezentanci Polski w 2025 - Statystyki

Ogólne statystyki
  • Ten quiz został rozwiązany 82 razy
  • Średni wynik to 22 z 34
Statystyki odpowiedzi
Pozycja Zawodnik % Poprawnych
Napastnik Lewandowski
96%
Bramkarz Skorupski
94%
Pomocnik Zieliński
94%
Obrońca Bednarek
93%
Skrzydłowy Zalewski
93%
Obrońca Cash
87%
Obrońca Kiwior
87%
Napastnik Piątek
87%
Bramkarz Grabara
86%
Napastnik Świderski
84%
Napastnik Buksa
83%
Bramkarz Bułka
81%
Skrzydłowy Szymański
81%
Bramkarz Drągowski
80%
Skrzydłowy Grosicki
73%
Obrońca Bereszyński
70%
Pomocnik Moder
66%
Obrońca Wiśniewski
64%
Pomocnik Slisz
61%
Skrzydłowy Skóraś
60%
Skrzydłowy Wszołek
60%
Skrzydłowy Kamiński
57%
Skrzydłowy Frankowski
56%
Pomocnik Kapustka
54%
Obrońca Kędziora
54%
Obrońca Ziółkowski
47%
Pomocnik Piotrowski
41%
Obrońca Piątkowski
40%
Obrońca Walukiewicz
37%
Pomocnik Rózga
30%
Pomocnik Kozłowski
29%
Obrońca Wieteska
20%
Obrońca Skrzypczak
19%
Pomocnik Bogusz
14%
Nie znaleziono quizów pasujących do podanych kryteriów
Rozkład punktacji
Procent ludzi z każdym wynikiem
Percentyl według liczby udzielonych odpowiedzi
Twoja historia wyników
Nie rozwiązałeś tego quizu